[Event "Stay Safe Play From Home 238"]
[Site "Emanuel Lasker Arena"]
[Date "2020.06.19"]
[Round "1"]
[White "Broken sword"]
[Black "Chase the sun"]
[Result "1-0"]
[WhiteElo "2379"]
[BlackElo "1800"]
[Annotator "TA"]
[PlyCount "51"]
[EventDate "2020.06.19"]
[EventType "swiss (blitz)"]

{[%evp 23,50,14,22,46,30,39,40,-91,27,29,43,39,51,39,67,32,36,33,74,56,202,117,687,273,408,372,504,347,29999]} 1. e4 e6 2. d4 d5 3. Nd2 Nf6 4. e5 Nfd7 5. Bd3 c5 6. c3 Nc6 7. Ne2 cxd4 8. cxd4 f6 9. exf6 Nxf6 10. Nf3 Bd6 11. Bg5 O-O 12. O-O e5 13. dxe5 {C06: French Tarrasch: 3...Nf6 4 e5 Nfd7 5 Bd3 main lines.} Nxe5 14. Nxe5 Bxe5 {[#]} 15. Rb1 $146 {[#]} (15. Qd2 $14) ({Predecessor:} 15. Ng3 Qb6 16. Rb1 Bd4 17. Bf5 Ne4 18. Be3 Nxg3 19. Bxd4 Qxd4 20. Bxc8 Qxd1 21. Be6+ {1-0 (45) Zambrano Acebo,J (1965)-Espinoza Supe,C (1660) Banos de Agua Santa 2020}) 15... h6 (15... Bxh2+ $1 $17 {[%mdl 512]} 16. Kh1 (16. Kxh2 $2 Ng4+ {[%mdl 64] Double Attack, Discovered Attack} 17. Kg1 Qxg5 $19) 16... Bd6) 16. Bf4 $11 Qd6 17. Bg3 Nh5 18. Bxe5 Qxe5 19. Qd2 Nf4 20. Nxf4 Rxf4 21. Rfe1 Qg5 (21... Qd6 $1 $14) 22. g3 (22. Re8+ $18 Kf7 23. Bb5) 22... Rg4 $2 {[%mdl 8192]} (22... Rf8 $16 23. Qxg5 hxg5) 23. Qxg5 $2 (23. Re8+ Kf7 24. Qe2) 23... Rxg5 (23... hxg5 $142 24. Re8+ Kf7) 24. f4 Rh5 {If only Black now had time for ...Bf5....} 25. Bg6 {[%cal Re1e8]} Rh3 $2 (25... Bg4 $18 26. Bxh5 Bxh5) 26. Re8# {Accuracy: White = 32%, Black = 19%.} 1-0

[Event "Stay Safe Play From Home 238"]
[Site "Emanuel Lasker Arena"]
[Date "2020.06.19"]
[Round "1"]
[White "Lamborghini"]
[Black "Robk"]
[Result "1-0"]
[WhiteElo "2299"]
[BlackElo "1620"]
[Annotator "TA"]
[PlyCount "55"]
[EventDate "2020.06.19"]
[EventType "swiss (blitz)"]

{[%evp 14,55,68,57,98,104,107,107,123,107,128,114,116,93,114,122,326,317,325,333,318,312,348,345,337,341,337,307,363,362,377,359,471,280,321,301,1128,866,1028,277,269,275,291,259]} 1. e4 c5 2. Nf3 d6 3. d4 cxd4 4. Nxd4 Nf6 5. Nc3 e5 6. Bb5+ Bd7 7. Bxd7+ Qxd7 8. Nde2 a6 {B56: Classical Sicilian: Unusual Lines.} 9. Bg5 Be7 10. Qd3 O-O {[#] White is better.} 11. O-O-O $146 ({Predecessor:} 11. Ng3 h6 12. Bxf6 Bxf6 13. O-O-O Rd8 14. Kb1 g6 15. Nd5 Kg7 16. Nb6 Qc6 17. Nxa8 {1-0 (26) Ermolaev,M (2127)-Ilkow,Z (696) LSS email 2013}) 11... Nc6 12. Bxf6 Bxf6 13. Nd5 ({But not} 13. Qxd6 $6 Qg4 $14) 13... Bg5+ 14. Kb1 Rfd8 $2 {[#]} (14... Bd8 $16) 15. Nb6 $18 Qc7 16. Nxa8 Rxa8 17. Nc3 Nd4 18. Nd5 Qa5 19. h4 Bd8 20. c3 Nc6 21. g3 b5 22. f4 b4 23. c4 (23. Nxb4 $142 Nxb4 24. cxb4) 23... b3 24. Qxb3 {[#] Qb7 is the strong threat.} Nd4 $2 (24... Rb8) 25. Rxd4 exd4 26. Qb4 $2 (26. Qb7) 26... Qxb4 27. Nxb4 a5 28. Nc6 {Black did not feel at home in the position after the opening. Accuracy: White = 74%, Black = 43%.} 1-0

[Event "Stay Safe Play From Home 238"]
[Site "Emanuel Lasker Arena"]
[Date "2020.06.19"]
[Round "1"]
[White "Little champs"]
[Black "Bishop91"]
[Result "1-0"]
[WhiteElo "2227"]
[BlackElo "1617"]
[Annotator "NA RC"]
[PlyCount "63"]
[EventDate "2020.06.19"]
[EventType "swiss (blitz)"]

1. e4 {[%emt 0:00:02]} e6 {[%emt 0:00:01]} 2. Nc3 {[%emt 0:00:01]} Nc6 {[%emt 0:00:01]} 3. d4 {[%emt 0:00:01]} d5 {[%emt 0:00:01]} 4. exd5 {[%emt 0:00:01]} e5 {[%emt 0:00:00]} 5. dxc6 {[%emt 0:00:01]} exd4 {[%emt 0:00:01]} 6. cxb7 {[%emt 0:00:03]} Bxb7 {[%emt 0:00:01]} 7. Nce2 {[%emt 0:00:01]} c5 {[%emt 0:00:04]} 8. Nf3 {[%emt 0:00:01]} Nf6 {[%emt 0:00:02]} 9. Ng3 {[%emt 0:00:00]} Be7 {[%emt 0:00:01]} 10. Bd3 {[%emt 0:00:01]} O-O {[%emt 0:00:00]} 11. O-O {[%emt 0:00:00]} Rc8 {[%emt 0:00:04]} 12. b3 {[%emt 0:00:02]} Nd5 {[%emt 0:00:02]} 13. Re1 {[%emt 0:00:01]} Nc3 {[%emt 0:00:03]} 14. Qd2 {[%emt 0:00:01]} Re8 {[%emt 0:00:01]} 15. Bb2 {[%emt 0:00:01]} Nd5 {[%emt 0:00:04]} 16. Be4 {[%emt 0:00:01]} Qc7 {[%emt 0:00:04]} 17. Bxd5 {[%emt 0:00:01]} Bxd5 {[%emt 0:00:02]} 18. c3 {[%emt 0:00:02]} Bxf3 {[%emt 0:00:02]} 19. gxf3 {[%emt 0:00:01]} dxc3 {[%emt 0:00:00]} 20. Qxc3 {[%emt 0:00:01]} Bf6 {[%emt 0:00:01]} 21. Qc2 {[%emt 0:00:01]} Bxb2 {[%emt 0:00:03]} 22. Qxb2 {[%emt 0:00:01]} Rxe1+ {[%emt 0:00:00]} 23. Rxe1 {[%emt 0:00:01]} Rd8 {[%emt 0:00:00]} 24. Qe2 {[%emt 0:00:01]} h6 {[%emt 0:00:02]} 25. Qe7 {[%emt 0:00:01]} Qb8 {[%emt 0:00:03]} 26. Nf5 {[%emt 0:00:02]} Rf8 {[%emt 0:00:02]} 27. Nd6 {[%emt 0:00:01]} Qb6 {[%emt 0:00:04]} 28. Ne8 {[%emt 0:00:02]} Qb4 {[%emt 0:00:02]} 29. Re4 {[%emt 0:00:02]} Qd2 {[%emt 0:00:02]} 30. Rg4 {[%emt 0:00:02]} Qg5 {[%emt 0:00:00]} 31. Rxg5 {[%emt 0:00:01]} hxg5 {[%emt 0:00:01]} 32. Nxg7 {[%emt 0:00:01] (Lag: Av=0.64s, max=1.1s)} 1-0

[Event "Stay Safe Play From Home 238"]
[Site "Emanuel Lasker Arena"]
[Date "2020.06.19"]
[Round "1"]
[White "Greblah"]
[Black "Mepe_Nika"]
[Result "0-1"]
[WhiteElo "1918"]
[BlackElo "2379"]
[Annotator "TA"]
[PlyCount "84"]
[EventDate "2020.06.19"]
[EventType "swiss (blitz)"]

{[%evp 14,83,-8,-19,-2,-2,-6,-15,-14,-16,69,53,68,-90,-95,-118,-114,-118,-122,-142,-142,-149,-151,-189,-199,-310,-316,-287,-184,-206,-170,-166,-137,-140,-110,-393,-394,-604,-606,-594,-593,-582,-578,-1173,-1155,-1206,-1174,-1805,-1794,-1772,-1706,-1665,-1627,-29988,-29989,-29989,-29990,-29990,-29991,-29991,-29992,-29993,-29994,-29994,-29995,-29995,-29996,-29996,-29997,-29998,-29999,-29999]} 1. e4 e5 2. Nf3 Nc6 3. Bb5 a6 4. Ba4 Nf6 5. Qe2 b5 6. Bb3 Bc5 7. c3 d6 8. d3 Bb6 {C77: Ruy Lopez: 3...a6 4 Ba4 Nf6, unusual lines.} 9. Be3 Bxe3 10. fxe3 O-O {[#] The position is equal.} 11. O-O $146 ({Predecessor:} 11. h3 Na5 12. Bc2 c5 13. Nbd2 Qc7 14. O-O Rb8 15. Rab1 h6 16. Rfc1 Nc6 17. d4 Bd7 18. dxc5 dxc5 {0-1 (27) Vins,K (1741)-Aymard,M (2077) ICCF email 2015}) 11... d5 (11... Na5 $11) 12. exd5 $14 Nxd5 13. e4 $2 (13. Nbd2 $14 {stays ahead.}) 13... Nf4 $1 $17 {[%csl LRd3,LRe2][%mdl 64] [#] Double Attack, Discovered Attack} 14. Qe3 Qxd3 15. Qxd3 Nxd3 16. Nbd2 Nxb2 17. Bd5 Bb7 18. Nb3 {next Nc5 is good for White.} Na4 19. Nxe5 (19. c4 $142) 19... Nxe5 $19 20. Bxb7 Rad8 ({Weaker is} 20... Nxc3 21. Bxa8 Rxa8 22. Rf2 $15) 21. Bxa6 Nxc3 22. a4 bxa4 23. Nc5 {Black should prevent Rfc1.} Ra8 24. Bb7 $2 {[%mdl 8192] This move loses the game for White.} (24. Rfe1 $17 {is a better defense.}) 24... Ra5 25. Nxa4 (25. Na6 $142) 25... Rxa4 26. Rxa4 Nxa4 27. Ra1 Nc5 28. Ra8 Nxb7 29. Ra7 Rb8 30. g3 c5 31. Kf2 c4 32. Ke3 Nd6 33. Kd4 Nb5+ {Black mates.} 34. Kxe5 Nxa7 35. Kd4 Rc8 36. Kc3 Nb5+ 37. Kb4 c3 38. e5 c2 39. e6 c1=Q 40. exf7+ Kxf7 41. Kxb5 Qb2+ {[%mdl 64] [#] Double Attack} 42. Ka4 Ra8# {Accuracy: White = 44%, Black = 61%.} 0-1

[Event "Stay Safe Play From Home 238"]
[Site "Emanuel Lasker Arena"]
[Date "2020.06.19"]
[Round "1"]
[White "Meini"]
[Black "SoulofWolf"]
[Result "0-1"]
[WhiteElo "1624"]
[BlackElo "2148"]
[Annotator "TA"]
[PlyCount "68"]
[EventDate "2020.06.19"]
[EventType "swiss (blitz)"]

{[%evp 9,68,19,60,35,34,23,62,15,58,13,25,16,24,35,194,51,220,154,149,141,239,59,208,57,115,63,1308,1300,1346,1282,1303,1253,1400,1291,1574,1564,1510,1433,1425,1420,1415,1402,1510,1402,1625,1606,1687,1508,1626,1533,1945,1856,3120,1920,2254,2179,29989,29990,29992,29992,29992]} 1. d4 c5 2. c3 e6 3. Bf4 Nf6 4. e3 g6 5. Nf3 b6 6. h3 {A43: Schmid Benoni.} Bb7 7. Be2 Bg7 8. O-O {White is slightly better.} O-O 9. Nbd2 {[#]} d6 $146 ({Predecessor:} 9... d5 10. a4 Nc6 11. Ne5 Nd7 12. Nxc6 Bxc6 13. Nf3 Qe7 14. Bg5 f6 15. Bh4 Qf7 16. Bg3 e5 17. dxe5 Nxe5 {½-½ (26) Bartolini,L (1580)-Oblak,M (1688) Bratto 2005}) 10. Qc2 Nd5 11. Bh2 a5 $2 {[#]} (11... cxd4 $14 12. cxd4 f5) 12. Rad1 (12. Nc4 $1 $18) 12... Nc6 $2 (12... cxd4 $14 13. Nxd4 Be5) 13. e4 Nf6 14. dxc5 dxc5 (14... d5 $16 {was called for.}) 15. Ne5 $2 ({Better is} 15. Nc4 $18 Qe8 16. Nxb6) 15... Qc8 (15... Nxe5 $14 16. Bxe5 Qe7) 16. Nxc6 $2 {[#]} ({White has to play} 16. Nec4 $18) 16... Qxc6 ({Black should try} 16... Bxc6 $14 17. f3 b5) 17. Bf3 (17. a4 $16) 17... Qc7 $2 {[%mdl 8192]} (17... Nd7 $14) 18. Bxc7 $18 b5 19. e5 Nd5 20. c4 Nb4 21. Qb1 Ra7 22. Bd6 Rc8 23. Bxb7 Rxb7 24. a3 Nc6 25. f4 Nd4 26. Nf3 Ne2+ 27. Kf2 Nxf4 28. g3 Nh5 29. Kg2 f6 30. exf6 Bxf6 31. Be5 Rf8 32. Bxf6 Rxf6 33. Ng5 Rb8 34. Rxf6 Nxf6 {[%mdl 32768] Accuracy: White = 25%, Black = 19%. . Loss on time!?} 0-1

[Event "Stay Safe Play From Home 238"]
[Site "Emanuel Lasker Arena"]
[Date "2020.06.19"]
[Round "1"]
[White "Trotsky"]
[Black "Tolka"]
[Result "0-1"]
[WhiteElo "1512"]
[BlackElo "2168"]
[Annotator "TA"]
[PlyCount "64"]
[EventDate "2020.06.19"]
[EventType "swiss (blitz)"]

{[%evp 9,64,39,33,0,0,11,6,-10,-8,-8,-9,-79,-88,-341,-329,-345,-332,-350,-314,-315,-290,-443,-318,-333,-300,-557,-545,-881,-509,-725,-708,-912,-912,-971,-875,-1243,-1240,-1198,-1206,-1220,-1213,-1212,-1193,-1175,-1121,-1123,-1132,-5431,-5178,-5857,-5177,-4778,-2319,-5147,-5147,-29993,-29993]} 1. d4 d5 2. e3 e6 3. c4 c6 4. Nc3 f5 5. Nf3 Nf6 {[#]} 6. Qd2 $146 {A85: Dutch Defence: 2 c4 Nf6 3 Nc3.} ({Predecessor:} 6. Be2 Bd6 7. Ne5 O-O 8. O-O Nbd7 9. f4 Ne4 10. Nxe4 fxe4 11. Bd2 Nxe5 12. fxe5 Be7 13. Rxf8+ Qxf8 14. Qb3 b6 15. Rf1 Qd8 16. Qa4 Bd7 17. Qd1 Qc7 18. Qc2 Qb7 19. b4 Rf8 20. Rxf8+ Bxf8 21. c5 b5 22. a4 a6 23. a5 {½-½ (23) Fridman,D (2649)-Tomashevsky,E (2758) Berlin 2015}) 6... Bd6 7. Qc2 O-O 8. c5 {The position is equal.} Bc7 9. Bd3 Ne4 10. h4 (10. b4 $11) 10... Nd7 $17 11. Nxe4 $4 {[%mdl 8192]} (11. b4 $17) 11... fxe4 $19 ({But not} 11... dxe4 12. Bxe4 fxe4 13. Qxe4) 12. Bxe4 dxe4 13. Qxe4 Nf6 14. Qd3 {[#]} e5 $1 15. Ng5 {[#]} (15. Qc4+ $142 Kh8 16. Nxe5) (15. dxe5 Qxd3) 15... e4 $1 16. Qc4+ (16. Nxe4 Nxe4) 16... Qd5 17. Qc2 $2 (17. Qxd5+ {is a better defense.} cxd5 18. b4) 17... h6 18. Bd2 b6 19. f4 bxc5 20. O-O-O cxd4 21. exd4 Ba6 22. Bc3 Bd3 23. Rxd3 exd3 24. Qxd3 Bxf4+ {[%mdl 64] Double Attack} 25. Kb1 hxg5 26. hxg5 Qe4 27. Qxe4 Nxe4 28. d5 Nxc3+ 29. bxc3 cxd5 30. Kc2 d4 31. Rh4 {[#]} Rac8 $1 32. Rxf4 Rxf4 {White got outplayed after the opening. Accuracy: White = 23%, Black = 73%.} 0-1

[Event "Stay Safe Play From Home 238"]
[Site "Emanuel Lasker Arena"]
[Date "2020.06.19"]
[Round "1"]
[White "Mandy"]
[Black "Toosieslide"]
[Result "0-1"]
[WhiteElo "1008"]
[BlackElo "2245"]
[Annotator "TA"]
[PlyCount "42"]
[EventDate "2020.06.19"]
[EventType "swiss (blitz)"]

{[%evp 11,42,-5,-4,-37,-30,-132,-132,-124,-128,-130,-121,-126,-122,-118,-94,-103,-72,-82,29,-87,0,-170,-166,-491,-502,-479,-489,-762,-491,-29994,-29995,-29995,-29996]} 1. d4 d5 2. Bf4 Nf6 3. e3 c5 4. c3 Nc6 5. Nf3 e6 6. h3 Bd6 7. Ne5 {D02: 1 d4 d5 2 Nf3 sidelines, including 2...Nf6 3 g3 and 2...Nf6 3 Bf4.} Qc7 {[%cal Rc6e5] [#]} 8. Bd3 $146 (8. Nxc6 $11 {remains equal.} Bxf4 9. Nxa7 Rxa7 10. exf4) ({Predecessor:} 8. Bb5 O-O 9. Bxc6 bxc6 10. O-O Rb8 11. b3 Ba6 12. Re1 Ne4 13. f3 Nf6 14. Bh2 cxd4 15. cxd4 {0-1 (28) Gonzalez Isac,A (1925)-Perez Felipe,M (2117) Tenerife 2019}) 8... Nxe5 $17 9. Bxe5 {Black is clearly better.} Bxe5 10. dxe5 Qxe5 11. Qe2 c4 12. Bc2 Bd7 13. Nd2 O-O-O 14. O-O g5 (14... Rhg8 $17) 15. e4 (15. f4 $11 gxf4 16. Rxf4) 15... h5 ({Black should try} 15... Rhg8 $17) 16. f3 $2 {[#]} (16. Nf3 $11 {and White has nothing to worry.} Qc7 17. Nxg5) 16... g4 $1 $19 {[%mdl 512]} 17. hxg4 $2 (17. h4) (17. fxg4 hxg4) 17... hxg4 18. Kf2 gxf3 19. Nxf3 (19. Qxf3 $142 Rdg8 20. Ke1) 19... Qf4 20. Qe3 {[#]} (20. Ke1 $19 Ng4 21. exd5 exd5 22. Ne5 Qg3+ 23. Kd2 Nxe5 24. Qf2) 20... Ng4+ {[%mdl 64] Double Attack} 21. Ke2 Qxe3+ {Accuracy: White = 28%, Black = 52%.} 0-1

[Event "Stay Safe Play From Home 238"]
[Site "Emanuel Lasker Arena"]
[Date "2020.06.19"]
[Round "2"]
[White "Broken sword"]
[Black "Little champs"]
[Result "0-1"]
[WhiteElo "2380"]
[BlackElo "2228"]
[Annotator "TA"]
[PlyCount "154"]
[EventDate "2020.06.19"]
[EventType "swiss (blitz)"]

{[%evp 11,153,20,29,0,0,-4,18,15,22,6,13,0,16,-11,-3,-20,-17,-25,-28,-61,-42,-66,-33,-64,-22,-27,-18,-34,-14,-16,0,-20,-11,-21,-8,-11,136,7,7,7,7,0,0,-39,-33,-28,-29,-62,0,0,0,-116,-34,-29,0,0,0,0,66,60,69,37,48,8,11,-20,-25,-44,-44,-70,-33,-43,81,-27,-23,-25,-29,-56,-41,-81,-59,-90,-29,-62,-52,-88,-88,-1040,-995,-1018,-854,-1404,-1277,-29972,-12840,-29980,-29981,-29981,-29981,-29983,-29982,-29979,-29978,-29978,-29977,-29977,-2941,-3160,-2957,-29977,-29976,-29976,-12467,-29977,-29978,-29978,0,-29970,-2468,-12837,-439,-12828,-6957,-29967,-12836,-12839,-1153,-29973,-29974,-29974,-29974,-3054,-1273,-29985,-29986,-29985,-29986,-29991,-29992,-29996,-29993,-29998,-29999,-29999]} 1. d4 c6 2. c4 d5 3. cxd5 cxd5 4. Nc3 e6 5. Nf3 Nf6 6. Bg5 Be7 7. Bxf6 {D13: Slav Defence: Exchange variation without ...Bf5.} Bxf6 8. e3 Nd7 9. Bd3 {The position is equal.} O-O 10. O-O a6 11. Rc1 b5 {[#]} 12. Bb1 $146 ({Predecessor:} 12. Qb3 Nb6 13. a4 Nxa4 14. Nxa4 bxa4 15. Qxa4 Qd7 16. Qxd7 Bxd7 17. Rc7 Bb5 18. Bxb5 axb5 {½-½ (27) Juhaniak,L (1501)-Kavuljak,A (1392) Bratislava 2014}) 12... Bb7 13. Qd3 {[%csl Gb1][%cal Rd3h7]} g6 14. Rfd1 Nb6 15. Nd2 Nc4 16. Rc2 Rc8 17. b3 Nxd2 (17... Na3 $5 {[%cal Ra3c2]} 18. Rcc1 Qa5 $17) 18. Qxd2 Qd6 19. Rdc1 Qb4 20. Qd1 Qd6 21. Ne2 Kg7 22. g3 h5 23. Nf4 h4 (23... Rxc2 $11 {keeps the balance.} 24. Rxc2 e5 25. dxe5 Bxe5) 24. Rxc8 ({White must play} 24. Qg4 $1 $16 Kg8 25. gxh4 (25. Nxg6 fxg6 26. Qxg6+ Bg7 $11)) 24... Rxc8 $11 25. Rxc8 Bxc8 26. Qc1 Bb7 27. Qc2 {[%cal Rf4g6]} hxg3 28. hxg3 {[%cal Rf4g6] next Nxg6! is good for White.} e5 29. Ne2 Qe6 (29... e4 $15) 30. Qd2 Qg4 31. Bd3 (31. b4 $11) 31... e4 (31... exd4 $17 32. Nxd4 Bxd4) 32. Bc2 $15 Qh3 33. Bd1 Bc8 34. Nf4 Qf5 (34... Qd7 $1 $11) 35. Qc3 Be6 36. Qc6 Bg5 $1 37. Ng2 Bc8 $1 38. Be2 Qd7 $36 {[%mdl 2048] Black is more active.} 39. Qc5 Be7 40. Qc3 Bb7 41. Nf4 a5 (41... Qc6 $15 {keeps the upper hand.} 42. Qb2 g5 43. Nh5+ Kg6) 42. Qc2 (42. Qxa5 $16 Bc6 43. a3) 42... Qc6 (42... Bd6 {with more complications.} 43. Qd1 Bc6 44. Kg2 a4 45. Qb1 Qc8) 43. Qxc6 Bxc6 $11 {[%mdl 4096] Endgame KBB-KBN} 44. Bf1 g5 45. Ng2 f6 46. Be2 a4 ({Better is} 46... Bb4 $17) 47. Bd1 a3 48. Be2 {Black keeps a firm grip on the game.} Bb4 49. Ne1 $2 {[%mdl 8192]} (49. g4 $17) 49... Bxe1 $19 50. Kf1 Bc3 51. f3 b4 52. f4 gxf4 53. gxf4 f5 54. Kf2 Kf6 55. Bd1 Be8 56. Be2 Bg6 57. Bd1 Kg7 58. Be2 Kh6 (58... Be8 $142 59. Bd1 Kf6 60. Be2 Ba4 $1 {[%mdl 512]} 61. Bd1 Bb5 62. Kg2 Bd3 63. Kg3 Bd2 64. Kf2 Bc1 65. Be2 Bxe2 66. Kxe2 Kf7 67. Kf2 Kg6 68. Kg3 Bxe3 69. Kg2 Kh5 70. Kh3 Bxd4 71. Kg3 Bc3 72. Kf2 d4 73. Kg2 d3 74. Kh2 Kh4 75. Kg1 d2 76. Kh2 d1=Q 77. Kg2 Bd4 78. Kh2 Qg1#) 59. Bb5 Bf7 60. Be2 Kg6 61. Ba6 Kf6 62. Bb7 Ke6 63. Bc8+ Kf6 64. Bb7 $1 Be6 (64... Ke7 $142 65. Bc6 Bh5 66. Bxd5 Bd1 67. Bg8 Bc2 68. Ke2 Bb1 69. Kd1 Bxa2 70. Kc2 Be1 71. Bh7 Kf6 72. d5 Bf2 73. d6 Bxe3 74. Bg8 Bxf4 75. d7 Bc7 76. Bc4 Ke5 77. Bf1 f4 78. Bb5 f3 79. Bc6 Kf4 80. Kc1 Bxb3 81. Bb5 e3 82. Bf1 Kg4 83. Bb5 Bf4 84. Kb1 e2 85. Bxe2 fxe2 86. d8=Q e1=Q+ 87. Qd1+ Qxd1#) 65. Ba6 Ke7 (65... Bd7 $142 {Threatens to win with ...Ba4!} 66. Be2 {[#]} Ba4 $1 {[%mdl 576] Promotion}) 66. Bb7 (66. Ke2 $142) 66... Kd6 67. Ba6 Kc7 68. Be2 Kb6 69. Bd1 Bd7 70. Be2 Bb5 71. Bh5 Bd3 {Strongly threatening ...Bc2.} 72. Bf7 Bb1 {Black mates.} 73. Bxd5 Bxa2 74. Ke2 Bb1 75. Kd1 a2 76. Kc1 a1=Q {[%cal Rb1d3]} 77. Bc4 Bd3# {Accuracy: White = 42%, Black = 72%.} 0-1

[Event "Stay Safe Play From Home 238"]
[Site "Emanuel Lasker Arena"]
[Date "2020.06.19"]
[Round "2"]
[White "Toosieslide"]
[Black "Mepe_Nika"]
[Result "0-1"]
[WhiteElo "2245"]
[BlackElo "2382"]
[Annotator "TA"]
[PlyCount "110"]
[EventDate "2020.06.19"]
[EventType "swiss (blitz)"]

{[%evp 19,110,-50,-45,-49,-56,-57,-58,-71,-60,-99,-71,-77,-83,-80,-41,-80,-81,-102,-81,-96,-87,-102,-108,-95,-62,-52,-60,-56,-12,-27,-32,-82,-82,-81,-88,-125,-127,-157,-137,-239,-161,-176,-176,-168,-168,-230,-229,-204,-115,-114,-100,-155,-100,-187,-119,-177,-89,-102,-56,-77,0,0,0,-90,-33,-26,-12,-142,0,-272,-13,-129,0,0,0,0,0,0,0,0,0,0,0,0,0,0,0,0,0,0,0,0,0]} 1. d4 d5 2. c4 c6 3. Nc3 Nf6 4. Nf3 e6 5. g3 dxc4 6. a4 Nbd7 7. Bg2 Bb4 8. O-O a5 9. Nd2 Nb6 10. e3 O-O 11. Qe2 {[#] E01: Catalan: Early deviations.} Qe7 $146 ({Predecessor:} 11... Nfd5 12. Ndb1 Be7 13. Nd2 Bb4 14. Ndb1 Be7 15. e4 Nb4 16. Be3 Nd3 17. b3 e5 18. d5 cxd5 19. Nxd5 Nxd5 20. exd5 {0-1 (49) Szopa,A (2064)-Guzik,J (2076) Poland 2002}) 12. Nxc4 Nxc4 13. Qxc4 {Black is slightly better.} e5 $1 14. Bd2 Be6 15. Qe2 exd4 16. exd4 Rfe8 17. Rfe1 Qd7 18. Be3 Nd5 19. Qc2 Bf5 20. Qc1 Nxe3 21. fxe3 Bxc3 22. bxc3 Be4 $1 23. Qd2 Qd5 24. Bxe4 Rxe4 25. Qd3 Rae8 26. c4 Qg5 27. Kf2 h5 28. Rad1 h4 29. d5 (29. Rb1 $17) 29... Qf5+ 30. Kg2 h3+ 31. Kg1 Qf3 {[%csl Gh3][%cal Rf3g2]} 32. Qe2 (32. Qf1 $142 Qxf1+ 33. Rxf1) 32... Qxe2 $19 ({Stronger than} 32... Qxe3+ 33. Qxe3 Rxe3 34. Rxe3 $11) 33. Rxe2 cxd5 (33... Rxc4 $19 34. dxc6 bxc6) 34. cxd5 $17 Rxa4 $19 {[%mdl 4096] Endgame KRR-KRR} 35. d6 (35. Rb2 $142) 35... Rd8 ({Better is} 35... b5 $1 36. Kf2 b4) 36. Rc2 (36. Rb2 $17) 36... Re4 (36... Rb4 $19 37. Re2 a4) 37. Rc7 (37. d7 $17 Kf8 38. Rb2) 37... Rxe3 (37... b5 $19 38. Rd5 Rb4) 38. Rxb7 Re6 39. d7 Kf8 (39... Re2 $1 $17 40. Ra7 Rg2+ 41. Kh1 Ra2) 40. Ra7 $11 Re5 41. Rc7 (41. Kf2 $11) 41... Ke7 (41... Re2 $17 42. Ra7 Rg2+ 43. Kh1 Ra2) 42. Kf2 $15 a4 {next ...Rf5+ is good for Black.} 43. Kf3 {[#]} (43. Rd4 $11) 43... a3 (43... Ra5 $1 $17 {Hoping for ...a3.} 44. Rb7 a3 45. Re1+ Kf8) 44. Kf4 $2 {[%mdl 8192] [#]} (44. Ra7 $11) 44... f6 $2 ({Black should play} 44... Ra5 $1 $19 {Strongly threatening ...a2.} 45. Re1+ Kd6) 45. Rc3 (45. Ra7 $1 $11) 45... Rxd7 (45... a2 $17 46. Rc2 Ra5 47. Re1+ Kf7) 46. Rxd7+ $11 {The position is equal.} Kxd7 47. Rxa3 $17 {KR-KR} Re2 48. Ra7+ Ke6 49. Rxg7 Rxh2 50. Kg4 Rh1 51. Rh7 h2 52. Rh3 Ke5 53. Kf3 Rg1 54. Rxh2 Ra1 55. Re2+ Kf5 {[%mdl 32768] White happily takes the draw. Accuracy: White = 52%, Black = 58%. . Sensor Board Error (Ke4/e5)?} 0-1

[Event "Stay Safe Play From Home 238"]
[Site "Emanuel Lasker Arena"]
[Date "2020.06.19"]
[Round "2"]
[White "SoulofWolf"]
[Black "Tolka"]
[Result "0-1"]
[WhiteElo "2150"]
[BlackElo "2169"]
[Annotator "TA"]
[PlyCount "68"]
[EventDate "2020.06.19"]
[EventType "swiss (blitz)"]

{[%evp 9,67,19,27,-36,-16,-16,-14,-16,-20,-18,-20,-18,67,-49,-29,-31,-22,-105,-43,-99,-84,-334,-48,-121,-21,-444,-236,-385,-39,-50,-60,-141,-129,-231,-132,-141,-94,-102,-102,-103,0,-102,-20,-163,-114,-290,-271,-392,-393,-378,-386,-561,-561,-722,-713,-1009,-661,-29991,-29992,-29999]} 1. f4 d5 2. d3 c6 3. Nc3 {[#]} Qb6 $146 ({Predecessor:} 3... Nf6 4. Nf3 Bg4 5. e3 e6 6. h3 Bxf3 7. Qxf3 Bd6 8. e4 dxe4 9. dxe4 Bc7 {½-½ (26) Goetz,H (2112)-Werner,T (1930) Nuremberg 2011}) 4. e4 dxe4 5. Nxe4 Nf6 6. Ng3 {A03: Bird's Opening with 1...d5.} (6. c3 $11) 6... Bg4 7. Be2 h5 8. h3 {The position is equal.} Bxe2 $40 {[%mdl 128] Black mounts an attack.} 9. Qxe2 Nbd7 10. Nf3 O-O-O (10... e6 $11) 11. b3 ({White should play} 11. Be3 $14 Qxb2 12. O-O) 11... e6 12. Be3 Bb4+ 13. Kf1 (13. Nd2 $11 Qc7 14. O-O) 13... Bc5 (13... Qc7 $17 14. Qf2 Nd5) 14. d4 (14. Bxc5 $15 Qxc5 15. Qf2) 14... Be7 15. c4 $2 {[#]} (15. Qd2 $17 {might work better.}) 15... Qc7 $2 (15... h4 $19 16. Ng5 hxg3 17. Nxf7 Rh4 18. Nxd8 Qxd8) 16. Ng5 (16. Qc2 $1 $15) 16... Rdf8 (16... h4 $17 17. N3e4 Nxe4 18. Nxe4 Nf6 19. Nxf6 gxf6) 17. f5 $2 {[%mdl 8192]} (17. Qd2 $11 {and White is okay.}) 17... h4 (17... Qxg3 $142 18. fxe6 fxe6) 18. fxe6 (18. N3e4 {was forced.} Nxe4 19. Nxe4) 18... Qxg3 $2 (18... fxe6 $19 19. Nxe6 Ne4+ 20. Kg1 Qxg3 21. Nxf8 Rxf8) 19. exd7+ $15 Kxd7 20. Qd2 (20. d5 $15) 20... Bd6 $17 21. c5 (21. Bf2 $17 Bf4 22. Bxg3 Bxd2 23. Nf3) 21... Bc7 ({Better is} 21... Re8 $19 22. Nf3 Bc7) 22. Bf2 Qf4 23. Qxf4 Bxf4 24. Nf3 Nd5 ({Black should try} 24... g5 $17 25. Re1 Nd5) 25. Re1 (25. Nxh4 $11 Re8 26. g3) 25... Re8 (25... g5 $17 26. Ke2 Nb4 27. Ne5+ Kc7) 26. Re2 (26. Nxh4 $11 Rxe1+ 27. Bxe1) 26... g5 27. Ke1 $2 (27. Ne5+ $17 {is a better defense.} Bxe5 28. dxe5) 27... Nc3 $1 {[%csl LRa2,LRe2]} 28. Rxe8 (28. Ne5+ {was the only defense.} Kc8 29. Rc2) 28... Rxe8+ $19 29. Kf1 Nxa2 30. g4 (30. Ne5+ {was worth a try.} Bxe5 31. dxe5) 30... hxg3 31. Bg1 Nc1 {[#] Threatens to win with ...Re2.} 32. h4 g4 33. Ng5 Re2 {[%csl Ge2][%cal Rg3g2]} 34. Nxf7 g2# {Accuracy: White = 19%, Black = 33%.} 0-1